000 00586nam a2200241 a 4500
001 nice12345678
003 IN_TiNIC
005 20260116011842.0
008 050524s1928 egya grs 000 0 03g
020 _a
_c100
082 0 0 _a227.4
_bGAI
100 _aGairdner, W H T
245 _aTafseer Risala-E-Agk-E-Ghalatiya.
260 _aEgypt
_bSpck
_c1928
300 _a53p
500 _aincludes index and biblioraphy
505 2 _aReserve copies
650 _aBible N.T. Epistles Galatians
700 1 _aGairdner, W H T
902 _bRBA
942 _cPS
999 _c4443
_d4443